Communication law: (Record no. 11443)
[ view plain ]
| 000 -LEADER | |
|---|---|
| fixed length control field | 00655nam a22001937a 4500 |
| 008 - FIXED-LENGTH DATA ELEMENTS--GENERAL INFORMATION | |
| fixed length control field | 181204b ||||| |||| 00| 0 eng |
| 020 ## - INTERNATIONAL STANDARD BOOK NUMBER | |
| International Standard Book Number | 978-1-138-21345-6 |
| 082 ## - DEWEY DECIMAL CLASSIFICATION NUMBER | |
| Edition number | 2018 |
| Classification number | DC 343.7309 |
| Item number | C191 |
| 100 ## - MAIN ENTRY--PERSONAL NAME | |
| Personal name | Caristi, Dom. |
| 9 (RLIN) | 32810 |
| 245 ## - TITLE STATEMENT | |
| Title | Communication law: |
| Remainder of title | practical applications in the digital age/ |
| Statement of responsibility, etc. | Dom Caristi, William R. Davie. |
| 250 ## - EDITION STATEMENT | |
| Edition statement | Second Edition |
| 260 ## - PUBLICATION, DISTRIBUTION, ETC. (IMPRINT) | |
| Place of publication, distribution, etc. | New York: |
| Name of publisher, distributor, etc. | Routledge, |
| Date of publication, distribution, etc. | ©2018. |
| 300 ## - PHYSICAL DESCRIPTION | |
| Extent | x, 449 pages: |
| Other physical details | illustrations; |
| Dimensions | 24 cm. |
| 500 ## - GENERAL NOTE | |
| General note | includes glossary and indexes. |
| 650 ## - SUBJECT ADDED ENTRY--TOPICAL TERM | |
| Topical term or geographic name as entry element | Mass media |
| 9 (RLIN) | 32811 |
| General subdivision | Law and legislation |
| 700 ## - ADDED ENTRY--PERSONAL NAME | |
| Personal name | Davie, William R. |
| 9 (RLIN) | 32812 |
| 365 ## - TRADE PRICE | |
| Price amount | 9,199 |
| Currency code | Php |
| 942 ## - ADDED ENTRY ELEMENTS (KOHA) | |
| Source of classification or shelving scheme | Dewey Decimal Classification |
| Koha item type | Circulation |
| Withdrawn status | Lost status | Source of classification or shelving scheme | Damaged status | Not for loan | Collection code | Home library | Current library | Shelving location | Date acquired | Source of acquisition | Cost, normal purchase price | Total Checkouts | Full call number | Barcode | Date last seen | Date last checked out | Copy number | Koha item type |
|---|---|---|---|---|---|---|---|---|---|---|---|---|---|---|---|---|---|---|
| Dewey Decimal Classification | Circulation | UM Digos College - LIC | UM Digos College - LIC | Book Cart | 08/29/2018 | Purchased | 9199.00 | 7 | DC 343.7309 C191 2018 | 25364 | 05/15/2025 | 08/18/2020 | 1 | Circulation |
